000 00488nmm a2200169Ia 4500
008 251105s9999||||xx |||||||||||||||||und||
020 _a9788493873394
041 _aspa
100 _aMuñoz Álvarez, Vicente
245 0 _aCult movies : películas para llevarse al Infierno
264 _a[Madrid, España] :
_bEutelequia,
_c2011
300 _a124 páginas
490 _aNarrativa
650 _aFilm studies
856 _uhttps://public.digitaliapublishing.com/a/17490
942 _cCF
999 _c89269
_d89269